Die Braut von Messina /

Збережено в:
Бібліографічні деталі
Автор: Schiller, Friedrich (autor)
Формат: Книга
Мова:German
Опубліковано: Munich, Alemania : Deutscher Taschenbuch, 1966, c1966
Серія:(Gesamtausgabe ; 78)
Предмети:
Теги: Додати тег
Немає тегів, Будьте першим, хто поставить тег для цього запису!

MARC

LEADER 00000nam^a2200000^a^4500
001 000380941
005 20250521000000.0
009 20260310120629.684
037 |a Acervo ITESO - Biblioteca 
041 |a ALE 
082 |a 832.  |b SCH 
100 |a Schiller, Friedrich  |e (autor) 
240 1 4 |a [La novia de Mesina] 
240 1 1 |a [Guillermo Tell] 
245 1 4 |a Die Braut von Messina /  |c F. Schiller ; ed. y comentarios de Gerhard Fricke, Herbert G. Göpfert, Herbert Stubenrauch. 
264 4 |a Munich, Alemania :  |b Deutscher Taschenbuch,  |c 1966, c1966 
336 |a texto  |b txt  |2 rdacontenido 
337 |a sin mediación  |b n  |2 rdamedio 
338 |a volumen  |b nc  |2 rdasoporte 
440 1 |a (Gesamtausgabe ;  |v 78) 
545 0 |a Johann Christoph Friedrich von Schiller (1759-1805) fue un dramaturgo, filósofo e historiador alemán, considerado, junto con Goethe, el dramaturgo más representativo de Alemania y una de las más grandes figuras de la literatura europea. Se caracteriza por su idealismo moral, su optimismo, su clásico sentido de la forma y su elocuente dicción poética. Fue educado como militar y estudió derecho y medicina; fue asignado como médico del regimiento de Württemberg siendo aún estudiante, en ese período escribió su primera obra teatral Los bandidos (1781) y, habiendo abandonado el regimiento para ir la puesta en escena de la misma, fue perseguido y vivió como fugitivo los siguientes diez años. En ese período escribió Intrigas y amor (1783) y Don Carlos (1787), su primera obra en verso libre con un estilo más clásico. Luego se dedicó a obras históricas y filosóficas, pero por influencia de Goethe, con quien entabló amistad, volvió a dedicarse a la poesía y al teatro con mayor dedicación y éxito. Escribió, entre otras obras, Los Piccolomini (1799); La muerte de Wallenstein (1800), basada en la guerra de los Treinta Años; María Estuardo (1800); La novia de Messina (1803) y Guillermo Tell (1804). 
561 |a Ex libris manuscrito de Gerardo Kuhlmann R., fechado en 1975 
649 |a XX 
650 |a Teatro Alemán 
650 |a Romanticismo (Literatura) 
650 |a Romanticismo (Filosofía) 
650 |a Literatura Alemana -  |y Siglo XIX 
650 |a Filosofía Alemana 
740 0 |a Wilhem Tell /  |c F. Schiller ; ed. y comentarios de Gerhard Fricke, Herbert G. Göpfert, Herbert Stubenrauch. 
740 0 |a Kleinere dramatische Arbeiten [de Friedrich Schiller] /  |c F. Schiller ; ed. y comentarios de Gerhard Fricke, Herbert G. Göpfert, Herbert Stubenrauch. 
910 |a Fondo General 
920 |a Impresos - Libros 
930 |a Colección General 
940 |a Literatura 
905 |a 101 
901 |a 0500275951  |b IT1  |c LIT  |i D78362  |u 20250521 
902 |a https://opac.biblio.iteso.mx/vufind/Record/000380941